Rappeurs Français de A à Z - Statistiques

Statistiques générales
  • Ce quiz a été pris 858 fois
  • Le résultat moyen est 17 sur 21
Statistiques - réponses
Par images Hint Réponse % Correct
B Booba
99%
J Jul
97%
K Kaaris
95%
S SCH
95%
O Orelsan
94%
M Maes
92%
V Vald
92%
H Hatik
90%
N Nekfeu
90%
Z Zola
90%
A Alonzo
88%
L Lafouine
86%
W Werenoi
82%
G Gradur
78%
D Dinos
77%
F Freeze Corleone
75%
Y Youssoupha
71%
R Rohff
66%
U Uzi
64%
C Chily
17%
P Passi
12%
Aucun quiz correspondant
Distribution des résultats
% des personnes avec chaque résultat
Percentile par nombre de réponses
Votre historique - résultats
Vous n’avez pas pris ce quiz